STN 22 0441: 1970, Upínání nástrojů na kovy. Krátké kuželové dutiny Morseovy s otvorem pro vyrážeč.

Uložené v:
Podrobná bibliografia
Korporatívny autor: Československo. Úřad pro normalizaci a měření (Author)
Médium: Norma
Jazyk:Slovak
Czech
Vydané: Praha : Vydavatelství Úřadu pro normalizaci a měření, 1970.
Témy:
Fyzický popis: 1 s. : obr. ,tab. ; 21 cm.
Tagy: Pridať tag
Žiadne tagy, Buďte prvý kto otaguje tento záznam!

MARC

LEADER 00000nam a2200000 a 4500
001 000748430
003 SVKKK
005 20260318084732.0
008 140319s1970 xo ka f u 000 0 slo c
FMT
040 |a SVKKK  |b slo  |c SVKKK  |e AACR2 
041 0 |a cze 
044 |a xo  |c SK 
046 |a s  |m 197001 (účin. ) 
080 |a 621.9.02  |2 2001 
080 |a 006.7/.8  |2 2001 
080 |a (437.6) 2 2001 
080 |a (4)  |2 2001 
245 1 0 |a STN 22 0441: 1970, Upínání nástrojů na kovy. Krátké kuželové dutiny Morseovy s otvorem pro vyrážeč. 
246 1 0 |a Upínání nástrojů na kovy 
246 1 0 |a Krátké kuželové dutiny Morseovy s otvorem pro vyrážeč 
246 3 0 |a ČSN 22 0441: 1970 
260 |a Praha :  |b Vydavatelství Úřadu pro normalizaci a měření,  |c 1970. 
300 |a 1 s. :  |b obr. ,tab. ;  |c 21 cm. 
540 |a STN vydané na akomkoľvek nosiči sa môžu rozmnožovať a rozširovať iba so súhlasom určenej právnickej osoby  |b SÚTN Bratislava  |c zákon 264/1999 Z. z. 
650 0 7 |a obrábanie  |2 SVKKKPH 
655 7 |a normy  |2 SVKKKPH 
650 0 7 |a technické normy a štandardy  |z Slovensko  |2 SVKKKPH 
650 0 7 |a technické normy a štandardy  |z krajiny Európskej únie  |2 SVKKKPH 
650 0 7 |a Cutting  |2 SVKKKPHeng 
710 1 |a Československo.  |b Úřad pro normalizaci a měření  |4 aut  |4 stn 
910 |a svkkk 
998 |a NO 
OWN
Z30 1 |l SCK01  |l SCK01  |m PAPER  |1 SCKHL  |2 SK40  |b Normy Pribinova 1  |3 STN 22 0441  |6 16077  |q 20260318  |5 2721283054  |8 20260318  |f 40  |s Normy-prez.  |z 1.90  |t 00000000  |u 0000  |w 000748430  |x 000010 
090 |g SCKHL  |k Normy Pribinova 1  |a STN 22 0441  |j 16077  |i 2721283054  |s Normy-prez.